Hastantarjogya dalil ain (Record no. 5973)

MARC details
000 -LEADER
fixed length control field 00488cam a2200181ua 4500
001 - CONTROL NUMBER
control field 6830
005 - DATE AND TIME OF LATEST TRANSACTION
control field 20260515114119.0
008 - FIXED-LENGTH DATA ELEMENTS--GENERAL INFORMATION
fixed length control field 140219n ii |||gr||||Z||||||asm
040 ## - CATALOGING SOURCE
Transcribing agency MAIN
082 ## - DEWEY DECIMAL CLASSIFICATION NUMBER
Classification number 346
245 11 - TITLE STATEMENT
Title Hastantarjogya dalil ain
Statement of responsibility, etc. By Prafulla Sharma Kotoki
260 ## - PUBLICATION, DISTRIBUTION, ETC.
Place of publication, distribution, etc. Guwahati:
Name of publisher, distributor, etc. Pathyaputhi prastuti samanay samiti,
Date of publication, distribution, etc. 1975.
300 ## - PHYSICAL DESCRIPTION
Extent x,99p.
653 ## - INDEX TERM--UNCONTROLLED
Uncontrolled term Commerce
653 ## - INDEX TERM--UNCONTROLLED
Uncontrolled term Hastantarjogya dalil ain
700 1# - ADDED ENTRY--PERSONAL NAME
Personal name Kotoki,Prafulla Sharma,
Relator term Author.,
942 ## - ADDED ENTRY ELEMENTS (KOHA)
Koha item type Books
Holdings
Withdrawn status Lost status Damaged status Not for loan Home library Current library Shelving location Date acquired Total checkouts Full call number Barcode Date last seen Copy number Price effective from Koha item type
        Naharkatiya College Library Naharkatiya College Library General stacks 09/19/2020   346 | KOT 13783 09/19/2020 1 09/19/2020 Books